[Event "SLO-chT1 West"]
[Site "Slovenia"]
[Date "2022.10.08"]
[Round "2.4"]
[White "Bratko, Ivan"]
[Black "Pucelj, Joze"]
[Result "1/2-1/2"]
[WhiteElo "2140"]
[BlackElo "2026"]
[PlyCount "84"]
[EventDate "2022.10.07"]
[EventType "team-tourn"]
[EventRounds "9"]
[EventCountry "SLO"]
[SourceTitle "CBM 210 Extra"]
[Source "ChessBase"]
[SourceDate "2022.11.30"]
[SourceVersion "1"]
[SourceVersionDate "2022.11.30"]
[SourceQuality "1"]
[WhiteTeam "Domzale Tajfun"]
[BlackTeam "Dolenjske Toplice"]
[WhiteTeamCountry "SLO"]
[BlackTeamCountry "SLO"]

1. e4 g6 2. d4 Bg7 3. Nc3 d6 4. Nf3 Nf6 5. Bc4 0-0 6. 0-0 Nc6 7. h3 e5 8. Be3 a6 9. a4 Bd7 10. Qd2 exd4 11. Nxd4 Nxd4 12. Bxd4 Bc6 13. Rfe1 Nd7 14. Be3 Re8 15. f3 Rb8 16. a5 Ne5 17. Bb3 Bd7 18. Nd5 Be6 19. Bg5 f6 20. Be3 Bf7 21. Rad1 Nc6 22. Ba4 Rf8 23. Bf2 Ne7 24. c4 Nxd5 25. cxd5 Be8 26. Bxe8 Rxe8 27. Rc1 Qd7 28. Rc4 f5 29. Rec1 Rbc8 30. Qc2 fxe4 31. fxe4 Qb5 32. b4 Bh6 33. Re1 Qd7 34. Bd4 Bg7 35. Bxg7 Qxg7 36. Rc1 Re7 37. Qd2 Rce8 38. Qc2 Rc8 39. Qb1 Qe5 40. Qc2 Qg7 41. Qb1 Qh6 42. Qd3 Qg7 1/2-1/2

[Event "SLO-chT2 West"]
[Site "Komenda"]
[Date "2017.11.25"]
[Round "5.2"]
[White "Skrbec, Leon"]
[Black "Pucelj, Joze"]
[Result "0-1"]
[WhiteElo "1618"]
[BlackElo "2092"]
[PlyCount "72"]
[EventDate "2017.11.11"]
[EventType "team-tourn"]
[EventRounds "7"]
[EventCountry "SLO"]
[SourceTitle "EXT 2019"]
[Source "ChessBase"]
[SourceDate "2018.10.10"]
[SourceVersion "1"]
[SourceVersionDate "2018.10.10"]
[SourceQuality "1"]
[WhiteTeam "Postojna"]
[BlackTeam "Dolenjske Toplice"]
[WhiteTeamCountry "SLO"]
[BlackTeamCountry "SLO"]

1. d4 g6 2. e4 Bg7 3. Nf3 d6 4. c4 c5 5. Be3 cxd4 6. Bxd4 Nf6 7. Nc3 Nc6 8. Be3 0-0 9. Be2 Be6 10. 0-0 Rc8 11. Nd2 Qd7 12. f3 b6 13. Nd5 Bxd5 14. cxd5 Nb4 15. Qb3 Nc2 16. Rac1 Nxe3 17. Qxe3 Qa4 18. Bc4 b5 19. Bb3 Nxd5 20. Qg5 Qd4+ 21. Kh1 Ne3 22. Rxc8 Rxc8 23. Qxe7 Nxf1 24. Bxf7+ Kh8 25. Qd7 Rf8 26. Nxf1 Qf2 27. Qxb5 Rxf7 28. h3 Bd4 29. Qe8+ Kg7 30. Kh2 Qxf1 31. Qxf7+ Kxf7 32. b4 Be5+ 33. g3 Qf2+ 34. Kh1 Qxg3 35. f4 Bxf4 36. h4 Qh2# 0-1

[Event "SLO-chT2 West"]
[Site "Komenda"]
[Date "2017.11.12"]
[Round "4.2"]
[White "Pucelj, Joze"]
[Black "Leben, Dusan"]
[Result "1-0"]
[WhiteElo "2092"]
[BlackElo "1858"]
[PlyCount "105"]
[EventDate "2017.11.11"]
[EventType "team-tourn"]
[EventRounds "7"]
[EventCountry "SLO"]
[SourceTitle "EXT 2019"]
[Source "ChessBase"]
[SourceDate "2018.10.10"]
[SourceVersion "1"]
[SourceVersionDate "2018.10.10"]
[SourceQuality "1"]
[WhiteTeam "Dolenjske Toplice"]
[BlackTeam "Trzin"]
[WhiteTeamCountry "SLO"]
[BlackTeamCountry "SLO"]

1. e4 e5 2. Nf3 Nf6 3. Qe2 d6 4. g3 g6 5. c3 Bg7 6. Bg2 0-0 7. 0-0 Re8 8. d3 c5 9. Nbd2 Be6 10. h3 Nc6 11. Ng5 Qc8 12. Nxe6 Qxe6 13. Nc4 Nd7 14. Ne3 Ne7 15. Kh2 f6 16. Qc2 Nb6 17. f4 Kh8 18. f5 Qf7 19. a4 g5 20. a5 Nd7 21. Nc4 Nc8 22. Be3 Bf8 23. Bf3 Rd8 24. Qe2 Be7 25. Bd2 Kg7 26. Bh5 Qg8 27. Ne3 Rf8 28. Nd5 Bd8 29. h4 h6 30. Qg4 Ne7 31. hxg5 Nxd5 32. gxh6+ Kh8 33. exd5 Qxg4 34. Bxg4 Rg8 35. Bh5 Nf8 36. Bf7 Nh7 37. Bxg8 Kxg8 38. Kg2 Kf7 39. Ra4 Bc7 40. Rg4 Rg8 41. Rxg8 Kxg8 42. b4 Nf8 43. g4 Bd8 44. bxc5 dxc5 45. Re1 b6 46. axb6 axb6 47. Ra1 b5 48. Rb1 c4 49. dxc4 bxc4 50. Rb7 Ba5 51. Rg7+ Kh8 52. Rf7 Kg8 53. Rxf6 1-0

[Event "SLO-chT2 West"]
[Site "Komenda"]
[Date "2016.11.13"]
[Round "4.2"]
[White "Buha, Drago"]
[Black "Pucelj, Joze"]
[Result "1/2-1/2"]
[WhiteElo "1964"]
[BlackElo "2084"]
[PlyCount "80"]
[EventDate "2016.11.11"]
[EventType "team-tourn"]
[EventRounds "9"]
[EventCountry "SLO"]
[SourceTitle "EXT 2019"]
[Source "ChessBase"]
[SourceDate "2018.10.10"]
[SourceVersion "1"]
[SourceVersionDate "2018.10.10"]
[SourceQuality "1"]
[WhiteTeam "Radovljica"]
[BlackTeam "Dolenjske Toplice"]
[WhiteTeamCountry "SLO"]
[BlackTeamCountry "SLO"]

1. d4 g6 2. Bf4 Bg7 3. Nf3 Nf6 4. Nc3 d5 5. h3 c6 6. e3 0-0 7. Bd3 a5 8. a4 Na6 9. 0-0 Nb4 10. Rb1 Nxd3 11. cxd3 Qb6 12. e4 dxe4 13. dxe4 Be6 14. Be3 Bb3 15. Qc1 Qb4 16. Ra1 Nd7 17. Bd2 Qd6 18. Ra3 Bc4 19. Rd1 e5 20. d5 cxd5 21. exd5 Rac8 22. Qb1 Nc5 23. Be3 Rfd8 24. Bxc5 Qxc5 25. Ne4 Qb6 26. d6 f5 27. d7 Rc6 28. Ned2 Be6 29. Ng5 Rxd7 30. Nxe6 Rxe6 31. Nc4 Qd8 32. Rxd7 Qxd7 33. Nxa5 Rd6 34. Ra1 e4 35. Qa2+ Kh8 36. Qb3 Rd3 37. Qb4 Rd1+ 38. Rxd1 Qxd1+ 39. Kh2 Be5+ 40. g3 Bd6 1/2-1/2

[Event "SLO-chT2 West"]
[Site "Slovenia"]
[Date "2015.11.08"]
[Round "7"]
[White "Pucelj, Joze"]
[Black "Beletic, Daniel"]
[Result "0-1"]
[WhiteElo "2092"]
[BlackElo "2292"]
[PlyCount "84"]
[EventDate "2015.10.17"]
[EventType "team-tourn"]
[EventRounds "7"]
[EventCountry "SLO"]
[SourceTitle "EXT 2019"]
[Source "ChessBase"]
[SourceDate "2018.10.10"]
[SourceVersion "1"]
[SourceVersionDate "2018.10.10"]
[SourceQuality "1"]
[WhiteTeam "Dolenjske Toplice"]
[BlackTeam "Ilirska Bistrica Rimex"]
[WhiteTeamCountry "SLO"]
[BlackTeamCountry "SLO"]

1. Nf3 Nf6 2. g3 d5 3. Bg2 c6 4. 0-0 Bg4 5. d3 Nbd7 6. Nbd2 e6 7. e4 Be7 8. Re1 0-0 9. h3 Bh5 10. g4 Bg6 11. Nh4 dxe4 12. Nxg6 hxg6 13. dxe4 e5 14. Nb3 Nh7 15. Qe2 Bg5 16. Bxg5 Nxg5 17. Rad1 Qe7 18. c3 Nb6 19. Rd2 Ne6 20. Bf1 g5 21. Qe3 Rad8 22. Red1 Rxd2 23. Rxd2 g6 24. Na5 Nf4 25. b4 Rb8 26. Nb3 Rd8 27. Nc5 Rxd2 28. Qxd2 Kg7 29. a4 a5 30. Qe3 axb4 31. cxb4 Nd7 32. Nxd7 Qxd7 33. b5 cxb5 34. axb5 Qd4 35. Qf3 b6 36. Kh2 Ne6 37. Kg3 Nc5 38. Bg2 Qd2 39. h4 gxh4+ 40. Kxh4 Nd3 41. Kg3 Qf4+ 42. Qxf4 exf4+ 0-1

[Event "SLO-chT2 West"]
[Site "Slovenia"]
[Date "2015.11.07"]
[Round "6"]
[White "Kocevar, Tugomir"]
[Black "Pucelj, Joze"]
[Result "1-0"]
[WhiteElo "1978"]
[BlackElo "2092"]
[PlyCount "71"]
[EventDate "2015.10.17"]
[EventType "team-tourn"]
[EventRounds "7"]
[EventCountry "SLO"]
[SourceTitle "EXT 2019"]
[Source "ChessBase"]
[SourceDate "2018.10.10"]
[SourceVersion "1"]
[SourceVersionDate "2018.10.10"]
[SourceQuality "1"]
[WhiteTeam "Radovljica"]
[BlackTeam "Dolenjske Toplice"]
[WhiteTeamCountry "SLO"]
[BlackTeamCountry "SLO"]

1. b4 Nf6 2. Bb2 g6 3. e3 Bg7 4. c4 d6 5. a4 0-0 6. f4 Nc6 7. b5 Nb4 8. Qb3 c5 9. bxc6 Nxc6 10. Nf3 Qc7 11. Bc3 Na5 12. Qb5 b6 13. Bxa5 bxa5 14. Qb3 Rb8 15. Qc2 Nd5 16. Nc3 Bxc3 17. cxd5 Bxd2+ 18. Qxd2 Rb4 19. Bb5 a6 20. Bc6 Qb6 21. 0-0 Rxf4 22. Nd4 Re4 23. Rab1 Qa7 24. Kh1 Re5 25. Qd3 Bg4 26. h3 Rh5 27. Rb7 Qc5 28. Rxe7 Qb4 29. Kg1 Bxh3 30. gxh3 Rxh3 31. Kg2 Rh5 32. Rb1 Rg5+ 33. Kf3 Qc5 34. Qc2 Qa3 35. Qb3 Qc5 36. Qb2 1-0

[Event "SLO-chT2 West"]
[Site "Slovenia"]
[Date "2015.11.01"]
[Round "4"]
[White "Trivuncevic, Bosko"]
[Black "Pucelj, Joze"]
[Result "0-1"]
[WhiteElo "1963"]
[BlackElo "2092"]
[PlyCount "64"]
[EventDate "2015.10.17"]
[EventType "team-tourn"]
[EventRounds "7"]
[EventCountry "SLO"]
[SourceTitle "EXT 2019"]
[Source "ChessBase"]
[SourceDate "2018.10.10"]
[SourceVersion "1"]
[SourceVersionDate "2018.10.10"]
[SourceQuality "1"]
[WhiteTeam "Loska Dolina"]
[BlackTeam "Dolenjske Toplice"]
[WhiteTeamCountry "SLO"]
[BlackTeamCountry "SLO"]

1. d4 Nf6 2. c4 c5 3. d5 e6 4. Nc3 exd5 5. Nxd5 Nxd5 6. Qxd5 Be7 7. e3 Nc6 8. Bd2 d6 9. Bd3 Be6 10. Qh5 Bf6 11. Rb1 Ne5 12. Qe2 Nxd3+ 13. Qxd3 d5 14. Qb3 Qd7 15. Qb5 dxc4 16. Qxc5 Be7 17. Qd4 Qxd4 18. exd4 Bf6 19. Ne2 0-0 20. Bc3 Bf5 21. Rd1 Rfe8 22. Kd2 Bd3 23. Rde1 Rad8 24. d5 Bxe2 25. Rxe2 Rxd5+ 26. Ke1 Bxc3+ 27. bxc3 Red8 28. Kf1 Rd1+ 29. Re1 Rxe1+ 30. Kxe1 Rd3 31. Ke2 Rxc3 32. Rd1 Kf8 0-1

[Event "SLO-CupT"]
[Site "Novo Mesto"]
[Date "2015.03.29"]
[Round "5"]
[White "Rifelj, Luka"]
[Black "Pucelj, Joze"]
[Result "0-1"]
[WhiteElo "1934"]
[BlackElo "2084"]
[PlyCount "91"]
[EventDate "2015.03.27"]
[EventType "team-swiss"]
[EventRounds "5"]
[EventCountry "SLO"]
[SourceTitle "EXT 2019"]
[Source "ChessBase"]
[SourceDate "2018.10.10"]
[SourceVersion "1"]
[SourceVersionDate "2018.10.10"]
[SourceQuality "1"]
[WhiteTeam "Novo Mesto Krka II"]
[BlackTeam "Dolenjske Toplice"]
[WhiteTeamCountry "SLO"]
[BlackTeamCountry "SLO"]

1. d4 d6 2. Nf3 c6 3. c4 Qc7 4. Nc3 e5 5. e4 Nf6 6. Be2 Be7 7. 0-0 0-0 8. h3 Nbd7 9. Be3 Re8 10. Rc1 Nf8 11. b4 Ng6 12. Re1 h6 13. Qd2 Bf8 14. d5 Nh5 15. Bf1 Nhf4 16. Ne2 Nxe2+ 17. Bxe2 f5 18. exf5 Bxf5 19. Bd3 Qf7 20. Bxf5 Qxf5 21. a4 a6 22. Red1 Rad8 23. Qa2 Kh8 24. b5 c5 25. bxa6 bxa6 26. Rb1 Rb8 27. a5 Nf4 28. Bxf4 Qxf4 29. Rb6 e4 30. Qd2 e3 31. fxe3 Qxc4 32. Rdb1 Ra8 33. Rb7 Qe4 34. R1b3 Be7 35. Rd7 Rab8 36. Rdb7 Rxb7 37. Rxb7 Bf6 38. Rb6 c4 39. Nd4 Qxe3+ 40. Qxe3 Rxe3 41. Nc6 c3 42. Rb1 Rd3 43. Nb4 Rd2 44. Rc1 Rb2 45. Nd3 Rb5 46. Kh2 0-1

[Event "SLO-chT2 West"]
[Site "Ljubljana"]
[Date "2014.11.09"]
[Round "9.3"]
[White "Bajec, Borut"]
[Black "Pucelj, Joze"]
[Result "0-1"]
[WhiteElo "1804"]
[BlackElo "2099"]
[PlyCount "94"]
[EventDate "2014.10.17"]
[EventType "team-tourn"]
[EventRounds "9"]
[EventCountry "SLO"]
[SourceTitle "EXT 2019"]
[Source "ChessBase"]
[SourceDate "2018.10.10"]
[SourceVersion "1"]
[SourceVersionDate "2018.10.10"]
[SourceQuality "1"]
[WhiteTeam "Trzin"]
[BlackTeam "Dolenjske Toplice"]
[WhiteTeamCountry "SLO"]
[BlackTeamCountry "SLO"]

1. d4 g6 2. c4 Bg7 3. e4 c5 4. d5 d6 5. Nf3 Nf6 6. Nc3 0-0 7. Bd3 e6 8. 0-0 exd5 9. exd5 Nh5 10. Bg5 f6 11. Be3 f5 12. Qc2 Na6 13. a3 Nc7 14. Rae1 Bd7 15. Re2 a6 16. Bc1 h6 17. Rfe1 Re8 18. g3 Qf6 19. Nh4 b5 20. Ng2 Kf7 21. g4 bxc4 22. Bxc4 Qd4 23. gxh5 Qxc4 24. hxg6+ Kxg6 25. Nf4+ Kf7 26. Qd1 Be5 27. Rxe5 Rg8+ 28. Kh1 dxe5 29. Qh5+ Ke7 30. Qh4+ Kf7 31. Qh5+ Ke7 32. d6+ Kxd6 33. Qxh6+ Ne6 34. Rd1+ Kc7 35. Nfd5+ Kb7 36. Qh7 Rg7 37. Qxf5 Rf8 38. Qxe5 Rxf2 39. Ne3 Bc6+ 40. Ncd5 Bxd5+ 41. Qxd5+ Qxd5+ 42. Nxd5 Rh7 43. Ne3 Rfxh2+ 44. Kg1 Rh1+ 45. Kf2 R7h2+ 46. Kg3 Rxd1 47. Nxd1 Rh1 0-1

[Event "SLO-chT2 West"]
[Site "Ljubljana"]
[Date "2014.10.18"]
[Round "2.3"]
[White "Pucelj, Joze"]
[Black "Leonardi, Caterina"]
[Result "1-0"]
[WhiteElo "2099"]
[BlackElo "1984"]
[PlyCount "61"]
[EventDate "2014.10.17"]
[EventType "team-tourn"]
[EventRounds "9"]
[EventCountry "SLO"]
[SourceTitle "EXT 2019"]
[Source "ChessBase"]
[SourceDate "2018.10.10"]
[SourceVersion "1"]
[SourceVersionDate "2018.10.10"]
[SourceQuality "1"]
[WhiteTeam "Dolenjske Toplice"]
[BlackTeam "Komenda II"]
[WhiteTeamCountry "SLO"]
[BlackTeamCountry "SLO"]

1. e4 e6 2. d4 d5 3. e5 c5 4. c3 Nc6 5. Nf3 Nge7 6. a3 a5 7. Bb5 Bd7 8. a4 cxd4 9. cxd4 Nb4 10. Bxd7+ Qxd7 11. 0-0 Ng6 12. h4 Be7 13. g3 0-0 14. Nc3 f6 15. exf6 Bxf6 16. Qe2 Rfe8 17. Bg5 Bxg5 18. hxg5 Rad8 19. Ne5 Nxe5 20. Qxe5 Nc6 21. Qf4 e5 22. dxe5 Rxe5 23. Qd2 d4 24. Nb5 Qe7 25. g6 hxg6 26. Rfe1 d3 27. Rxe5 Nxe5 28. Qe3 d2 29. Qb3+ Kh7 30. Kg2 Qf6 31. Rh1+ 1-0

[Event "SLO-chT2 West"]
[Site "Ljubljana"]
[Date "2013.11.16"]
[Round "7.3"]
[White "Djuric, Petar2222"]
[Black "Pucelj, Joze"]
[Result "1/2-1/2"]
[WhiteElo "2000"]
[BlackElo "2100"]
[PlyCount "59"]
[EventDate "2013.11.08"]
[EventType "team"]
[EventRounds "9"]
[EventCountry "SLO"]
[SourceTitle "EXT 2015"]
[Source "ChessBase"]
[SourceDate "2014.11.20"]
[SourceVersion "1"]
[SourceVersionDate "2014.11.20"]
[SourceQuality "1"]
[WhiteTeam "Stari Mayr Kranj"]
[BlackTeam "Dolenjske Toplice"]
[WhiteTeamCountry "SLO"]
[BlackTeamCountry "SLO"]

1. f4 g6 2. Nf3 Bg7 3. g3 c5 4. Bg2 Nc6 5. 0-0 d5 6. d3 e6 7. Nc3 Nge7 8. e4 0-0 9. e5 Rb8 10. Qe1 b5 11. Qf2 Qb6 12. g4 f6 13. exf6 Bxf6 14. h3 Nd4 15. Nd1 Nxf3+ 16. Bxf3 Bb7 17. Be3 d4 18. Bd2 Bd5 19. Qg2 Qc6 20. Be4 Bg7 21. Nf2 Rbe8 22. Rae1 Nc8 23. Bxd5 exd5 24. h4 Nd6 25. Nh3 Rxe1 26. Rxe1 Re8 27. Ng5 Rxe1+ 28. Bxe1 Nf7 29. Nxf7 Kxf7 30. Qe2 1/2-1/2

[Event "SLO-chT2 West"]
[Site "Ljubljana"]
[Date "2013.11.09"]
[Round "3.3"]
[White "Kocevar, Tugomir"]
[Black "Pucelj, Joze"]
[Result "0-1"]
[WhiteElo "1993"]
[BlackElo "2100"]
[PlyCount "92"]
[EventDate "2013.11.08"]
[EventType "team"]
[EventRounds "9"]
[EventCountry "SLO"]
[SourceTitle "EXT 2015"]
[Source "ChessBase"]
[SourceDate "2014.11.20"]
[SourceVersion "1"]
[SourceVersionDate "2014.11.20"]
[SourceQuality "1"]
[WhiteTeam "Radovljica"]
[BlackTeam "Dolenjske Toplice"]
[WhiteTeamCountry "SLO"]
[BlackTeamCountry "SLO"]

1. e4 c5 2. c3 e6 3. d4 d5 4. exd5 Qxd5 5. Nf3 Nc6 6. Be3 cxd4 7. Nxd4 Bd7 8. Qb3 Qxb3 9. axb3 a6 10. b4 Rc8 11. Nd2 Nf6 12. Be2 Nd5 13. Bf3 Nxe3 14. fxe3 Be7 15. Nxc6 Bxc6 16. Bxc6+ Rxc6 17. Ke2 e5 18. Nf3 f6 19. Rhd1 Bd8 20. Rd5 Re6 21. h4 Rf8 22. Rad1 Bc7 23. g4 Rf7 24. e4 Ree7 25. c4 Rd7 26. c5 Rd8 27. h5 g6 28. hxg6 hxg6 29. g5 Rxd5 30. Rxd5 Ke7 31. Kd3 Ke6 32. gxf6 Kxf6 33. Kc4 g5 34. b5 axb5+ 35. Kxb5 Rh7 36. c6 bxc6+ 37. Kxc6 g4 38. Ng1 Bb8 39. b4 Ba7 40. Rd6+ Kg5 41. Rd1 Kf4 42. b5 Kxe4 43. b6 Rh6+ 44. Kb7 Bxb6 45. Ne2 Kf3 46. Nc3 Bd4 0-1

[Event "SLO-chT"]
[Site "Bled"]
[Date "2005.11.12"]
[Round "8"]
[White "Pucelj, Joze"]
[Black "Pazlar, Marko"]
[Result "1/2-1/2"]
[WhiteElo "2095"]
[BlackElo "2039"]
[PlyCount "63"]
[EventDate "2005.11.03"]
[EventType "team"]
[EventRounds "9"]
[EventCountry "SLO"]
[SourceTitle "CBM 109 Extra"]
[Source "ChessBase"]
[SourceDate "2006.01.03"]
[SourceVersion "2"]
[SourceVersionDate "2006.01.03"]
[SourceQuality "1"]

1. d4 e6 2. Nf3 Nf6 3. Bf4 b6 4. e3 Bb7 5. Nbd2 d6 6. Bd3 Nbd7 7. e4 Nh5 8. Be3 Nhf6 9. h3 Be7 10. 0-0 0-0 11. Nh2 e5 12. c3 g6 13. f4 exf4 14. Bxf4 Nh5 15. Bh6 Bg5 16. Bxf8 Be3+ 17. Rf2 Bxf2+ 18. Kxf2 Qh4+ 19. Kg1 Rxf8 20. Qg4 Qxg4 21. Nxg4 Nf4 22. Bc4 Kg7 23. Rf1 Nh5 24. Bd3 Nhf6 25. Nxf6 Nxf6 26. Kf2 Re8 27. Re1 Re7 28. g3 Nd7 29. Nf3 f6 30. Re2 Nb8 31. Re1 Nd7 32. Re2 1/2-1/2